[Event "Nizhnij Novgorod Dubinin Memorial 17th"]
[Site "Nizhnij Novgorod"]
[Date "2010.??.??"]
[Round "?"]
[White "Semenov, Maxim"]
[Black "Kupriyanov, Alexey"]
[Result "0-1"]
[WhiteElo "1941"]
[BlackElo "2249"]
[PlyCount "86"]
[EventDate "2010.01.03"]
[EventType "swiss"]
[EventRounds "9"]
[EventCountry "RUS"]
[SourceTitle "CBM 134 Extra"]
[Source "ChessBase"]
[SourceDate "2010.03.03"]
[SourceVersion "1"]
[SourceVersionDate "2010.03.03"]
[SourceQuality "1"]

1. e4 e6 2. d4 d5 3. e5 b6 4. Nf3 c5 5. c3 Qd7 6. Na3 Ba6 7. Bxa6 Nxa6 8. Nc2 h5 9. 0-0 Ne7 10. dxc5 bxc5 11. Qe2 Nc7 12. Rd1 Nf5 13. c4 d4 14. b4 Rd8 15. b5 Be7 16. Nce1 0-0 17. Nd3 g6 18. Bg5 Rc8 19. h4 Bxg5 20. hxg5 Qe7 21. Qe4 Na8 22. a4 Nb6 23. Rdc1 a5 24. Qf4 Qb7 25. Nd2 Rc7 26. Ne4 Nd7 27. Nf6+ Nxf6 28. gxf6 Kh7 29. Re1 Rh8 30. Qg5 Kg8 31. Nf4 h4 32. Ra3 Rd7 33. Rf3 d3 34. Nxd3 h3 35. Nxc5 Qa8 36. Rxh3 Rxh3 37. gxh3 Nd4 38. Qg2 Nf3+ 39. Kh1 Rd8 40. Rc1 Rc8 41. Nd3 Qe4 42. Ne1 Rxc4 43. Nxf3 Rxc1+ 0-1

[Event "Nizhnij Novgorod-ch FL"]
[Site "Nizhnij Novgorod"]
[Date "2009.11.14"]
[Round "?"]
[White "Baryshev, Sergey"]
[Black "Kupriyanov, Alexey"]
[Result "0-1"]
[WhiteElo "1846"]
[BlackElo "2249"]
[PlyCount "94"]
[EventDate "2009.11.14"]
[EventType "swiss"]
[EventRounds "9"]
[EventCountry "RUS"]
[SourceTitle "EXT 2022"]
[Source "ChessBase"]
[SourceDate "2021.10.06"]
[SourceVersion "1"]
[SourceVersionDate "2021.10.06"]
[SourceQuality "1"]

1. e4 e6 2. d4 d5 3. e5 b6 4. Nf3 c5 5. Bb5+ Bd7 6. Bxd7+ Qxd7 7. c3 h5 8. 0-0 Ne7 9. Nh4 Nbc6 10. Be3 Nf5 11. Nxf5 exf5 12. f4 Nd8 13. Nd2 Ne6 14. Nf3 Be7 15. Qc2 g6 16. h4 0-0 17. Ng5 Bxg5 18. fxg5 cxd4 19. cxd4 Rac8 20. Qb3 Rc4 21. Rfd1 Rfc8 22. Rac1 Nxd4 23. Rxd4 Rxc1+ 24. Bxc1 Rxc1+ 25. Kf2 Rc5 26. Kf3 Qe6 27. Kf4 Qc6 28. Qa4 Qxa4 29. Rxa4 a5 30. Rd4 Kf8 31. b3 Ke7 32. g3 Ke6 33. Rd2 Rc1 34. Re2 d4 35. Kf3 Rc3+ 36. Kf2 d3 37. Rd2 Rc2 38. Ke3 Rxd2 39. Kxd2 Kxe5 40. Kxd3 b5 41. a3 f4 42. gxf4+ Kxf4 43. Kd4 Kg4 44. Kc5 Kxh4 45. Kxb5 Kxg5 46. Kxa5 h4 47. b4 h3 0-1

[Event "Nizhnij Novgorod-ch FL"]
[Site "Nizhnij Novgorod"]
[Date "2009.11.14"]
[Round "?"]
[White "Bespalov, Maxim"]
[Black "Kupriyanov, Alexey"]
[Result "0-1"]
[WhiteElo "1902"]
[BlackElo "2249"]
[PlyCount "48"]
[EventDate "2009.11.14"]
[EventType "swiss"]
[EventRounds "9"]
[EventCountry "RUS"]
[SourceTitle "EXT 2022"]
[Source "ChessBase"]
[SourceDate "2021.10.06"]
[SourceVersion "1"]
[SourceVersionDate "2021.10.06"]
[SourceQuality "1"]

1. d4 d5 2. c4 c6 3. Nd2 Nf6 4. Ngf3 g6 5. g3 Bg7 6. Bg2 0-0 7. 0-0 Re8 8. Qc2 Bf5 9. Qb3 Qc7 10. cxd5 cxd5 11. Ne5 e6 12. Ndf3 Bc2 13. Qb4 Bf8 14. Qd2 Ne4 15. Qf4 f6 16. Nd3 Bd6 17. Qh4 Nc6 18. b3 Rac8 19. Nc5 Nxd4 20. Nxd4 Bxc5 21. Bxe4 Bxd4 22. Bf4 Qe7 23. Rac1 Bb2 24. Rce1 g5 0-1